Ganguly's Civil court practice & procedure / (Record no. 136883)

MARC details
000 -LEADER
fixed length control field 00634nam a22002177a 4500
010 ## - LIBRARY OF CONGRESS CONTROL NUMBER
LC control number B-162099
020 ## - INTERNATIONAL STANDARD BOOK NUMBER
International Standard Book Number 9788171771721
Terms of availability 1290.00
035 ## - SYSTEM CONTROL NUMBER
System control number B-162099
037 ## - SOURCE OF ACQUISITION
Source of stock number/acquisition Cen Lib / Ret
040 ## - CATALOGING SOURCE
Original cataloging agency DPL
Language of cataloging EN
082 ## - DEWEY DECIMAL CLASSIFICATION NUMBER
Classification number 347.54
Item number MAL
100 ## - MAIN ENTRY--PERSONAL NAME
Personal name Mallick, M. R.
245 ## - TITLE STATEMENT
Title Ganguly's Civil court practice & procedure /
Statement of responsibility, etc by M. R. Mallick
250 ## - EDITION STATEMENT
Edition statement 13th ed
260 ## - PUBLICATION, DISTRIBUTION, ETC. (IMPRINT)
Place of publication, distribution, etc Kokata
Name of publisher, distributor, etc Eastern Law House
Date of publication, distribution, etc 2005
270 ## - ADDRESS
Address 54 Ganesh Chunder Avenue
City Kolkata
Postal code 700013
300 ## - PHYSICAL DESCRIPTION
Extent 2729p
Dimensions 27cm(Hb)
650 ## - SUBJECT ADDED ENTRY--TOPICAL TERM
Topical term or geographic name as entry element Civil procedure -- India.
650 ## - SUBJECT ADDED ENTRY--TOPICAL TERM
Topical term or geographic name as entry element Civil procedure.
942 ## - ADDED ENTRY ELEMENTS (KOHA)
Source of classification or shelving scheme Dewey Decimal Classification
Koha item type English Books
Classification part 347.54
Call number suffix MAL
Holdings
Withdrawn status Lost status Damaged status Not for loan Home library Current library Date acquired Source of acquisition Cost, normal purchase price Total Checkouts Full call number Barcode Date last seen Copy number Cost, replacement price Price effective from Koha item type
        Central Library Central Library 11/03/2016 Cen Lib/Ret 1290.00   347.54 MAL B-162099 11/03/2016 1 1290.00 11/03/2016 English Books

© Delhi Public Library
Hit Counter
free hit counter